Monitoring Butterflies for Ecology and Conservation : The British Butterfly Monitoring Scheme (Record no. 601008)

MARC details
000 -LEADER
fixed length control field 00582nam a2200145Ia 4500
008 - FIXED-LENGTH DATA ELEMENTS--GENERAL INFORMATION
fixed length control field 100415s9999 xx 000 0 und d
082 ## - DEWEY DECIMAL CLASSIFICATION NUMBER
Item number 18111
Classification number 595.789
100 ## - MAIN ENTRY--PERSONAL NAME
Personal name Pollard E
245 ## - TITLE STATEMENT
Title Monitoring Butterflies for Ecology and Conservation : The British Butterfly Monitoring Scheme
260 ## - PUBLICATION, DISTRIBUTION, ETC. (IMPRINT)
Place of publication, distribution, etc LONDON
Date of publication, distribution, etc 1993
Name of publisher, distributor, etc CHAPMAN & HALL
365 ## - TRADE PRICE
Price amount 0
630 ## - SUBJECT ADDED ENTRY--UNIFORM TITLE
Uniform title Monitoring Butterflies for Ecology and Conservation : The British Butterfly Monitoring Scheme
730 ## - ADDED ENTRY--UNIFORM TITLE
Uniform title Monitoring Butterflies for Ecology and Conservation : The British Butterfly Monitoring Scheme
942 ## - ADDED ENTRY ELEMENTS (KOHA)
Koha item type Book
Holdings
Withdrawn status Lost status Damaged status Not for loan Home library Current library Date acquired Cost, normal purchase price Total Checkouts Full call number Barcode Date last seen Price effective from Koha item type
        Bombay Natural History Society Bombay Natural History Society 12/03/1998 0.00   595.789 18111 BNHS-18111 04/15/2010 04/15/2010 Book